000 00811nam a2200253 i 4500
001 bg
100 1 _aBUCKI, Lisa A.
245 1 0 _aAdobe Photoshop 7 :
_bwersja polska /
_cLisa A. Bucki ; przekł. z ang. Anna Zawadzka.
260 _aWarszawa :
_b"Mikom",
_c2003.
300 _a515 s. :
_bil. ;
_c24 cm.
500 _aNa okł. i grzbiecie tyt.: Photoshop 7: wersja polska: prosto - poglądowo - wnikliwie o grafice".
504 _aIndeks.
650 9 _aPhotoshop
655 _aPodręczniki
700 1 _aZAWADZKA, Anna.
_eTł.
020 _a8372793034
040 _cBPK
041 1 _apol
_heng
080 _a004.42:004.92](07)
920 _a83-7279-303-4
942 _cKS
008 s pl f |000 0 pol
999 _c43349
_d43349
856 _uhttp://koha.tu.koszalin.pl/cgi-bin/koha/opac-detail.pl?biblionumber=43349
_yKatalog online BPK